000 00625nam a22001815i 4500
001 54417
003 ES-MaACL
005 20230906162942.0
007 t|
008 960722s1874 sp ||||1| spa d
040 _aCAM
_bspa
_cCAM
100 1 _aForonda y Aguilera, Manuel de.
_951803
245 1 0 _aMemoria descriptiva de la Exposición Nacional de 1873 /
_credactada ... por Manuel de Foronda y Aguilera ...
260 _aMadrid :
_b[s.n.],
_c1874 (
_fimprenta y fundición de Manuel Tello)
300 _a57, [3] p. ;
_c24 cm.
611 2 4 _aExposición Nacional.
_d1873.
_cMadrid)
_9138906
852 _aES-MaACL
_jT-163-F-6
999 _c54417
_d54417